000 00637nam a2200217Ii 4500
001 19529
003 CO-ViMGA
008 241108s9999||||xx |||||||||||||| ||und||
020 _a9789588245928
040 _aCO-ViMGA
_bspa
_erda
_cCO-ViMGA
041 0 _aspa
082 0 4 _a070.43 D65g
100 1 _aAlberto Donadio
_944322
245 1 0 _aGuillermo Cano, el periodista y su libreta
264 1 _aBogotá, Colombia : Hombre Nuevo Editores, 2011
300 _avolumen
336 _atext
_btxt
_2rdacontent
337 _aunmediated
_bn
_2rdamedia
338 _avolume
_bnc
_2rdacarrier
940 _aidficha_siabuc: 19185. -- ficha_no_siabuc:19529
999 _c38776
_d38776